| 000 | 00964nam a22002657a 4500 | ||
|---|---|---|---|
| 001 | 8008 | ||
| 003 | FISKH | ||
| 005 | 20250818154555.0 | ||
| 008 | 250818b cb ||||| |||| 00| 0 eng d | ||
| 020 | _a725961004996 | ||
| 040 |
_aFISKH _beng _cFISKH _dFISKH |
||
| 050 | _aPZ7.L323817 L | ||
| 082 | _a334 | ||
| 100 | _aLarsen, Kirsten | ||
| 245 |
_aLizzie goes wild / _cAdapted by Kirsten Larsen : Based on the series created by Terri Minsky |
||
| 260 |
_aNew York : _bDisnep Press , _c2002. |
||
| 300 |
_a132 pages : _billustrations ; _c20 cm . |
||
| 490 |
_aLizzie McGuire _v3 |
||
| 505 | _aK | ||
| 520 | _aEveryone knows that Angel Lieberman is big-time trouble. That's why Lizzie stays as far away from her as possible. But when Lizzie and Angel get thrown into detention together, Lizzie realizes that Angel is misunderstood. | ||
| 521 | 8 |
_a510
_bLexile estimate |
|
| 521 | 8 |
_aK
_bRaz-Plus |
|
| 942 |
_2ddc _cBK _n0 |
||
| 999 |
_c8008 _d8008 |
||